000
00273nam a22001217a 4500
041
_a
ENG
100
_a
Hhhabra.B.S
245
_a
Digital Electronics & Microprocessor
260
_a
Delhi
_b
Dhanpat Rai PUB
_c
2000
300
_a
436
650
_a
Computer
856
_u
Computer
999
_c
746
_d
746